[Event "Sterling Cherry Blossom op 12th"]
[Site "Sterling"]
[Date "2025.05.24"]
[Round "5"]
[White "Carter, Emmanuel"]
[Black "Liu, Steven1"]
[Result "1-0"]
[WhiteElo "2062"]
[BlackElo "1900"]
[PlyCount "117"]
[EventDate "2025.05.22"]
[EventType "swiss"]
[EventRounds "9"]
[EventCountry "USA"]
[SourceTitle "CB22_2025"]
[SourceDate "2025.05.28"]
[SourceVersion "1"]
[SourceVersionDate "2025.05.28"]
[SourceQuality "1"]

1. d4 Nf6 2. c4 e6 3. Nf3 b6 4. g3 Bb7 5. Bg2 Be7 6. 0-0 0-0 7. Nc3 d5 8. cxd5 exd5 9. Qc2 Na6 10. Bf4 c5 11. Rac1 Rc8 12. Bh3 Ra8 13. Rfd1 cxd4 14. Nxd4 Nc5 15. Ndb5 Ne8 16. Bg2 a6 17. Nd4 Bg5 18. Bxg5 Qxg5 19. h4 Qd8 20. Nf5 Nf6 21. Ne3 Rc8 22. Nexd5 Nxd5 23. Bxd5 Qe7 24. Bxb7 Qxb7 25. Nd5 Rcd8 26. Nf4 Qe7 27. Rxd8 Rxd8 28. b4 Ne6 29. Qe4 a5 30. Nxe6 Qxe6 31. Qxe6 fxe6 32. bxa5 bxa5 33. Rc2 Kf7 34. f3 Kf6 35. Kf2 Rd5 36. g4 h6 37. f4 Rd4 38. Kf3 Ra4 39. h5 g6 40. hxg6 Kxg6 41. Rc6 Kf7 42. f5 exf5 43. gxf5 Rxa2 44. Rxh6 Ra1 45. Kf4 a4 46. Ra6 a3 47. e4 a2 48. Ra7+ Kf8 49. Ke5 Kg8 50. Kf6 Re1 51. Ra8+ Kh7 52. Rxa2 Rxe4 53. Kf7 Kh6 54. Rh2+ Kg5 55. f6 Kf5 56. Rh5+ Kg4 57. Ra5 Rb4 58. Kg7 Kh4 59. f7 1-0

[Event "Sterling Cherry Blossom op 12th"]
[Site "Sterling"]
[Date "2025.05.23"]
[Round "2"]
[White "Muthukumaran, Gurru"]
[Black "Carter, Emmanuel"]
[Result "1-0"]
[WhiteElo "1879"]
[BlackElo "2062"]
[PlyCount "107"]
[EventDate "2025.05.22"]
[EventType "swiss"]
[EventRounds "9"]
[EventCountry "USA"]
[SourceTitle "CB22_2025"]
[SourceDate "2025.05.28"]
[SourceVersion "1"]
[SourceVersionDate "2025.05.28"]
[SourceQuality "1"]

1. e4 e6 2. d4 d5 3. Nd2 c5 4. exd5 exd5 5. Ngf3 Nf6 6. Bb5+ Bd7 7. Bxd7+ Nbxd7 8. 0-0 Be7 9. c3 0-0 10. dxc5 Nxc5 11. Nb3 Nce4 12. Bf4 Re8 13. Qd3 Qd7 14. h3 h6 15. Nbd4 Bd6 16. Bxd6 Nxd6 17. Rfe1 Nfe4 18. Rad1 Rad8 19. Qc2 Qc7 20. Qb3 Qc5 21. Re2 b6 22. Nc2 Nc4 23. Nfd4 g6 24. Rde1 Rf8 25. Ne3 Nf6 26. Qa4 a5 27. Qc6 Nd6 28. Qxc5 bxc5 29. Nc6 Rd7 30. Rd1 Nc8 31. Red2 Nb6 32. Nxa5 Ra8 33. b4 Ne4 34. Nxd5 Rad8 35. Ne7+ Kf8 36. Rxd7 Rxd7 37. Rxd7 Nxd7 38. Nd5 Ke8 39. Nc6 Ndf6 40. Nxf6+ Nxf6 41. b5 Nd5 42. c4 Nb6 43. Na5 Ke7 44. Kf1 Kd6 45. Ke2 Kc7 46. Kd3 Na4 47. Kc2 Nb6 48. Kc3 Nc8 49. Nb3 Kd6 50. a4 f5 51. a5 g5 52. b6 Kc6 53. Nxc5 Nd6 54. b7 1-0

[Event "Titled Tuesday intern op 06th May Early"]
[Site "Chess.com INT"]
[Date "2025.05.06"]
[Round "7"]
[White "Demchenko, Anton"]
[Black "Carter, Emmanuel"]
[Result "1-0"]
[WhiteElo "2619"]
[BlackElo "2062"]
[PlyCount "49"]
[EventDate "2025.05.06"]
[EventType "swiss (blitz)"]
[EventRounds "11"]
[EventCountry "USA"]
[SourceTitle "CB20_2025"]
[SourceDate "2025.05.14"]
[SourceVersion "1"]
[SourceVersionDate "2025.05.14"]
[SourceQuality "1"]

1. e4 e6 2. d4 d5 3. Nc3 Nf6 4. e5 Nfd7 5. Nce2 c5 6. c3 Nc6 7. Nf3 Be7 8. a3 c4 9. h4 Nb6 10. Rh3 Bd7 11. Rg3 g6 12. Bg5 Na5 13. Nf4 Nb3 14. Rb1 h6 15. Bxe7 Qxe7 16. Rg4 0-0-0 17. Be2 Rdg8 18. Kf1 Be8 19. Kg1 f5 20. exf6 Qxf6 21. Nh3 g5 22. hxg5 hxg5 23. Nfxg5 Bg6 24. Rg3 Bxb1 25. Qxb1 1-0

[Event "Titled Tuesday intern op 11th Mar Early"]
[Site "Chess.com INT"]
[Date "2025.03.11"]
[Round "1"]
[White "Carter, Emmanuel"]
[Black "Sarana, Alexey"]
[Result "0-1"]
[WhiteElo "2052"]
[BlackElo "2689"]
[PlyCount "60"]
[EventDate "2025.03.11"]
[EventType "swiss (blitz)"]
[EventRounds "11"]
[EventCountry "USA"]
[SourceTitle "CB12_2025"]
[SourceDate "2025.03.19"]
[SourceVersion "1"]
[SourceVersionDate "2025.03.19"]
[SourceQuality "1"]

1. d4 Nf6 2. c4 g6 3. Nf3 Bg7 4. g3 c6 5. Bg2 d5 6. 0-0 dxc4 7. a4 Ne4 8. Na3 Nd6 9. Bf4 Na6 10. Rc1 0-0 11. Nxc4 Nxc4 12. Rxc4 Be6 13. Rc1 Bd5 14. Qd2 Qb6 15. Rfd1 Rad8 16. e3 Bxf3 17. Bxf3 e5 18. Bg5 f6 19. Bh4 g5 20. Bxg5 fxg5 21. Bg4 exd4 22. exd4 Rxd4 23. Qxg5 Rxd1+ 24. Rxd1 Qxf2+ 25. Kh1 Qf6 26. Qe3 Nb4 27. Qb3+ Nd5 28. Qxb7 Kh8 29. Qxa7 Qg6 30. Be2 Qe4+ 0-1

[Event "Titled Tuesday intern op 28th Jan Early"]
[Site "Chess.com INT"]
[Date "2025.01.28"]
[Round "4"]
[White "Schnaider, Ilan"]
[Black "Carter, Emmanuel"]
[Result "0-1"]
[WhiteElo "2392"]
[BlackElo "2042"]
[PlyCount "78"]
[EventDate "2025.01.28"]
[EventType "swiss (blitz)"]
[EventRounds "11"]
[EventCountry "USA"]
[SourceTitle "CB06_2025"]
[SourceDate "2025.02.05"]
[SourceVersion "1"]
[SourceVersionDate "2025.02.05"]
[SourceQuality "1"]

1. e4 e6 2. d4 d5 3. Nc3 Nf6 4. Bg5 Be7 5. e5 Nfd7 6. h4 h6 7. Bxe7 Qxe7 8. Qg4 0-0 9. Bd3 c5 10. Nf3 Nc6 11. Rh3 cxd4 12. Ne2 Ndxe5 13. Nxe5 Nxe5 14. Qxd4 Nc6 15. Qe3 e5 16. Rg3 Qxh4 17. 0-0-0 f5 18. f4 e4 19. Bb5 Be6 20. Bxc6 bxc6 21. Nd4 Qf6 22. Nxc6 Rfc8 23. Ne5 Rab8 24. c3 Rb7 25. Rh1 Bf7 26. Kb1 a5 27. a4 Rcb8 28. Qd2 Rxb2+ 29. Qxb2 Rxb2+ 30. Kxb2 Qb6+ 31. Kc1 Qf2 32. Rhh3 Qxf4+ 33. Kc2 Qxe5 34. Re3 f4 35. Re1 Bg6 36. Kb2 d4 37. cxd4 Qxd4+ 38. Kc1 e3 39. Re2 Qa1# 0-1

[Event "Titled Tuesday intern op 14th Jan Early"]
[Site "Chess.com INT"]
[Date "2025.01.14"]
[Round "2"]
[White "Carter, Emmanuel"]
[Black "Mazzilli, Piero"]
[Result "1-0"]
[WhiteElo "2042"]
[BlackElo "2303"]
[PlyCount "87"]
[EventDate "2025.01.14"]
[EventType "swiss (blitz)"]
[EventRounds "11"]
[EventCountry "USA"]
[SourceTitle "CB04_2025"]
[SourceDate "2025.01.22"]
[SourceVersion "1"]
[SourceVersionDate "2025.01.22"]
[SourceQuality "1"]

1. d4 f5 2. c4 Nf6 3. Nc3 g6 4. Nf3 Bg7 5. g3 0-0 6. Bg2 d6 7. 0-0 Nc6 8. d5 Na5 9. Qd3 c5 10. Re1 Rb8 11. e4 fxe4 12. Nxe4 Nxe4 13. Qxe4 Bf5 14. Qh4 e5 15. dxe6 Qxh4 16. Nxh4 Bd3 17. e7 Rfe8 18. Bd5+ Kh8 19. Bf7 Nxc4 20. Bxe8 Rxe8 21. Nf3 h6 22. h4 d5 23. Bf4 Be4 24. Nd2 Nxd2 25. Bxd2 Bxb2 26. Rad1 Kg7 27. Bf4 c4 28. Bd6 c3 29. Be5+ Kf7 30. f3 Bf5 31. Rxd5 Rxe7 32. Kf1 Rxe5 33. Rdxe5 c2 34. Rc5 Bd3+ 35. Kg2 c1Q 36. Rexc1 Bxc1 37. Rxc1 b5 38. Rc7+ Kf6 39. Rxa7 Bc4 40. a3 g5 41. hxg5+ hxg5 42. Kf2 Kf5 43. Ke3 Ke5 44. Rc7 1-0

[Event "Titled Tuesday intern op 14th Jan Early"]
[Site "Chess.com INT"]
[Date "2025.01.14"]
[Round "5"]
[White "Topalov, Aleksandar"]
[Black "Carter, Emmanuel"]
[Result "0-1"]
[WhiteElo "2233"]
[BlackElo "2042"]
[PlyCount "100"]
[EventDate "2025.01.14"]
[EventType "swiss (blitz)"]
[EventRounds "11"]
[EventCountry "USA"]
[SourceTitle "CB04_2025"]
[SourceDate "2025.01.22"]
[SourceVersion "1"]
[SourceVersionDate "2025.01.22"]
[SourceQuality "1"]

1. b3 d5 2. Bb2 c5 3. e3 Nf6 4. Nf3 e6 5. Ne5 Bd6 6. Be2 Nbd7 7. f4 0-0 8. 0-0 Qb6 9. c4 d4 10. Nf3 e5 11. fxe5 Nxe5 12. exd4 cxd4 13. d3 Re8 14. Nxe5 Bxe5 15. Nd2 Bd7 16. Bf3 Bf4 17. Ne4 Be3+ 18. Kh1 Nxe4 19. Bxe4 Bc6 20. Qf3 Qc7 21. Bxc6 bxc6 22. Ba3 Re6 23. Bc5 Rae8 24. g3 h6 25. Rae1 Rf6 26. Qg2 Ree6 27. b4 a5 28. a3 axb4 29. axb4 Qe5 30. Rxf6 Qxf6 31. Qf1 Qg6 32. b5 cxb5 33. cxb5 Qg5 34. Ba3 Qxb5 35. Bc1 Qd5+ 36. Qg2 Qxg2+ 37. Kxg2 Bxc1 38. Rxc1 Re3 39. Rd1 g5 40. Kf2 Kg7 41. Rd2 Kg6 42. Rd1 h5 43. Rd2 Kf5 44. Kg2 Kg6 45. Kf2 h4 46. gxh4 gxh4 47. Kg2 f5 48. Kf2 Kg5 49. Kg2 Kg4 50. Kf2 Kh3 0-1

[Event "Titled Tuesday intern op 07th Jan Early"]
[Site "Chess.com INT"]
[Date "2025.01.07"]
[Round "1"]
[White "Vila Dupla, Aurelio"]
[Black "Carter, Emmanuel"]
[Result "0-1"]
[WhiteElo "2056"]
[BlackElo "2042"]
[PlyCount "72"]
[EventDate "2025.01.07"]
[EventType "swiss (blitz)"]
[EventRounds "11"]
[EventCountry "USA"]
[SourceTitle "CB03_2025"]
[SourceDate "2025.01.15"]
[SourceVersion "1"]
[SourceVersionDate "2025.01.15"]
[SourceQuality "1"]

1. Nf3 e6 2. g3 d5 3. Bg2 Nf6 4. 0-0 c5 5. c4 Nc6 6. d4 cxd4 7. Nxd4 Bc5 8. Nxc6 bxc6 9. cxd5 cxd5 10. e4 dxe4 11. Qxd8+ Kxd8 12. Nc3 Bb7 13. Bg5 Ke7 14. Bxe4 Bxe4 15. Nxe4 Bb6 16. Rfd1 Rhd8 17. Bxf6+ gxf6 18. Nc3 f5 19. Rxd8 Rxd8 20. Rd1 Rb8 21. b3 Bc5 22. Rd3 Rc8 23. Kg2 Bb4 24. Nb5 a6 25. Nd4 Kf6 26. f4 Rc1 27. Kf3 Ra1 28. Nc6 Bc5 29. g4 fxg4+ 30. Kxg4 Rxa2 31. h4 Rg2+ 32. Kh3 Rg1 33. Rc3 Bf2 34. Nd8 h5 35. Kh2 Rg4 36. Rh3 Bxh4 0-1

[Event "Titled Tuesday intern op 13th Aug Early"]
[Site "Chess.com INT"]
[Date "2024.08.13"]
[Round "3"]
[White "Carter, Emmanuel"]
[Black "Southcott Moyers, Indy"]
[Result "1-0"]
[WhiteElo "2042"]
[BlackElo "2181"]
[PlyCount "129"]
[EventDate "2024.08.13"]
[EventType "swiss (blitz)"]
[EventRounds "11"]
[EventCountry "USA"]
[SourceTitle "EXT 2025"]
[Source "ChessBase"]
[SourceDate "2024.10.14"]
[SourceVersion "1"]
[SourceVersionDate "2024.10.14"]
[SourceQuality "1"]

1. d4 d5 2. c4 e6 3. Nf3 Nf6 4. g3 dxc4 5. Qa4+ Bd7 6. Qxc4 c5 7. Bg2 b5 8. Qc2 Na6 9. 0-0 Rc8 10. Qd1 Be7 11. Ne5 Nb4 12. Nxd7 Qxd7 13. a3 Nbd5 14. e4 Nb6 15. dxc5 Qxd1 16. Rxd1 Bxc5 17. Nc3 b4 18. axb4 Bxb4 19. Rxa7 0-0 20. Na2 Rfd8 21. Rxd8+ Rxd8 22. Be3 Nc4 23. Nxb4 Rd1+ 24. Bf1 h6 25. Kg2 Nxe3+ 26. fxe3 Rd2+ 27. Kf3 Rxb2 28. e5 Nh7 29. Ra8+ Nf8 30. Nc6 g6 31. h4 Rc2 32. Nd4 Rc5 33. Ke4 Kg7 34. Rd8 g5 35. hxg5 hxg5 36. Rxf8 Kxf8 37. Nf3 g4 38. Nd4 Rc1 39. Be2 Rg1 40. Kf4 Kg7 41. Bxg4 Rf1+ 42. Ke4 Rg1 43. Kf4 Rf1+ 44. Bf3 Ra1 45. e4 Rg1 46. Nb5 Ra1 47. Nd6 Ra3 48. Ne8+ Kf8 49. Nf6 Kg7 50. g4 Ra1 51. g5 Rg1 52. Ne8+ Kf8 53. Nd6 Kg7 54. Bh5 Rf1+ 55. Ke3 Re1+ 56. Kd4 Rg1 57. Bxf7 Rxg5 58. Bxe6 Kf8 59. Nf5 Rg1 60. Bd5 Rd1+ 61. Kc5 Ra1 62. e6 Ra6 63. e7+ Ke8 64. Bc6+ Rxc6+ 65. Kxc6 1-0

[Event "Titled Tuesday intern op 13th Aug Early"]
[Site "Chess.com INT"]
[Date "2024.08.13"]
[Round "4"]
[White "Jammalamadaka, Vihaan"]
[Black "Carter, Emmanuel"]
[Result "0-1"]
[WhiteElo "1919"]
[BlackElo "2042"]
[PlyCount "68"]
[EventDate "2024.08.13"]
[EventType "swiss (blitz)"]
[EventRounds "11"]
[EventCountry "USA"]
[SourceTitle "EXT 2025"]
[Source "ChessBase"]
[SourceDate "2024.10.14"]
[SourceVersion "1"]
[SourceVersionDate "2024.10.14"]
[SourceQuality "1"]

1. b3 Nf6 2. Bb2 e6 3. e3 d5 4. f4 c5 5. Nf3 Nc6 6. Bb5 Be7 7. Bxc6+ bxc6 8. 0-0 0-0 9. g3 Ba6 10. d3 c4 11. bxc4 dxc4 12. Ne5 cxd3 13. cxd3 Qb6 14. Re1 Rfd8 15. Ba3 c5 16. Nc3 Nd5 17. Nxd5 Rxd5 18. Rb1 Qc7 19. Qa4 Bxd3 20. Rbd1 Rad8 21. Bb2 Bf8 22. e4 Bxe4 23. Rxd5 Bxd5 24. Qc2 c4 25. Bd4 Bc5 26. Qc3 f6 27. Ng4 Bxd4+ 28. Qxd4 Bf3 29. Nxf6+ Kf7 30. Qe3 gxf6 31. Qxf3 Qc5+ 32. Kg2 Qd5 33. Kh3 Qxf3 34. Rb1 c3 0-1

[Event "Titled Tuesday intern op 30th Jul Early"]
[Site "Chess.com INT"]
[Date "2024.07.30"]
[Round "6"]
[White "Dias, Simao Poscidonio"]
[Black "Carter, Emmanuel"]
[Result "1/2-1/2"]
[WhiteElo "2102"]
[BlackElo "2042"]
[PlyCount "81"]
[EventDate "2024.07.30"]
[EventType "swiss (blitz)"]
[EventRounds "11"]
[EventCountry "USA"]
[SourceTitle "EXT 2025"]
[Source "ChessBase"]
[SourceDate "2024.10.14"]
[SourceVersion "1"]
[SourceVersionDate "2024.10.14"]
[SourceQuality "1"]

1. e4 e6 2. d4 d5 3. e5 c5 4. c3 Nc6 5. Nf3 Nge7 6. Bd3 Nf5 7. Bxf5 exf5 8. 0-0 Be7 9. Re1 cxd4 10. Nxd4 Nxd4 11. Qxd4 0-0 12. Nd2 Be6 13. Nf1 Rc8 14. Bd2 a5 15. Rad1 Rc4 16. Qd3 Qb6 17. Ne3 Bc5 18. Re2 Bxe3 19. Bxe3 Qa6 20. b3 Rc6 21. Qxa6 Rxa6 22. Bd4 Rc8 23. a4 h6 24. f4 g5 25. g3 Kg7 26. Kf2 Kg6 27. Ke3 Rac6 28. Rc2 g4 29. Rdc1 h5 30. Rd1 h4 31. Rdd2 Rh8 32. Rg2 hxg3 33. hxg3 Rh1 34. Rh2 Re1+ 35. Rce2 Rb1 36. Rb2 Rg1 37. Rbg2 Rb1 38. Rb2 Rc1 39. Rbc2 Re1+ 40. Rce2 Rb1 41. Rb2 1/2-1/2

[Event "Titled Tuesday intern op 02nd Jul Early"]
[Site "Chess.com INT"]
[Date "2024.07.02"]
[Round "1"]
[White "Carter, Emmanuel"]
[Black "Barredo, Ruther"]
[Result "0-1"]
[WhiteElo "2042"]
[BlackElo "1816"]
[PlyCount "43"]
[EventDate "2024.07.02"]
[EventType "swiss (blitz)"]
[EventRounds "11"]
[EventCountry "USA"]
[SourceTitle "EXT 2025"]
[Source "ChessBase"]
[SourceDate "2024.10.14"]
[SourceVersion "1"]
[SourceVersionDate "2024.10.14"]
[SourceQuality "1"]

1. d4 Nf6 2. c4 g6 3. Nc3 Bg7 4. e4 d6 5. f4 0-0 6. Nf3 a6 7. Bd3 c5 8. d5 b5 9. cxb5 axb5 10. Bxb5 Nxe4 11. 0-0 Bxc3 12. bxc3 Nxc3 13. Qd3 Nxb5 14. Qxb5 Ba6 15. Qb2 Bxf1 16. Kxf1 Nd7 17. f5 Qb8 18. Qf2 Nf6 19. Qh4 Qb4 20. Qh6 Qc3 21. Rb1 Qd3+ 22. Kf2 0-1

[Event "Titled Tuesday intern op 02nd Jul Early"]
[Site "Chess.com INT"]
[Date "2024.07.02"]
[Round "5"]
[White "Carter, Emmanuel"]
[Black "Levi, Eddy"]
[Result "1-0"]
[WhiteElo "2042"]
[BlackElo "2147"]
[PlyCount "63"]
[EventDate "2024.07.02"]
[EventType "swiss (blitz)"]
[EventRounds "11"]
[EventCountry "USA"]
[SourceTitle "EXT 2025"]
[Source "ChessBase"]
[SourceDate "2024.10.14"]
[SourceVersion "1"]
[SourceVersionDate "2024.10.14"]
[SourceQuality "1"]

1. b3 e5 2. Bb2 Nc6 3. e3 Nf6 4. Bb5 d6 5. Ne2 Be7 6. 0-0 0-0 7. f4 exf4 8. Nxf4 Ne5 9. Nc3 c6 10. Be2 d5 11. Kh1 Ng6 12. Nxg6 hxg6 13. Bd3 Bd6 14. Ne2 Ng4 15. h3 Qh4 16. Qe1 Qh6 17. Ng1 Bd7 18. c4 Rae8 19. Nf3 Re7 20. Kg1 Ne5 21. Nxe5 Bxe5 22. Bxe5 Rxe5 23. Qf2 Bf5 24. Bxf5 Rxf5 25. Qg3 Rxf1+ 26. Rxf1 Re8 27. Qc7 Rf8 28. cxd5 cxd5 29. Qxb7 d4 30. Qxa7 d3 31. Qd4 Qh4 32. Qxh4 1-0

[Event "Titled Tuesday intern op 02nd Jul Early"]
[Site "Chess.com INT"]
[Date "2024.07.02"]
[Round "7"]
[White "Kovalevsky, Stanislav"]
[Black "Carter, Emmanuel"]
[Result "1-0"]
[WhiteElo "2114"]
[BlackElo "2042"]
[PlyCount "48"]
[EventDate "2024.07.02"]
[EventType "swiss (blitz)"]
[EventRounds "11"]
[EventCountry "USA"]
[SourceTitle "EXT 2025"]
[Source "ChessBase"]
[SourceDate "2024.10.14"]
[SourceVersion "1"]
[SourceVersionDate "2024.10.14"]
[SourceQuality "1"]

1. e4 e6 2. c4 d5 3. cxd5 exd5 4. exd5 Qxd5 5. Nc3 Qd8 6. Nf3 Nf6 7. Bc4 Be7 8. 0-0 0-0 9. d4 Nbd7 10. Bb3 c6 11. Bg5 Nb6 12. Re1 h6 13. Bh4 Bg4 14. Qd3 a5 15. Bc2 Bh5 16. Bxf6 Bg6 17. Bxe7 Bxd3 18. Bxd8 Bxc2 19. Bxb6 a4 20. Rac1 Bf5 21. Re7 a3 22. b3 Rab8 23. Ba7 Ra8 24. Rxb7 Rfd8 1-0

[Event "Titled Tuesday intern op 18th Jun Early"]
[Site "Chess.com INT"]
[Date "2024.06.18"]
[Round "6"]
[White "Carter, Emmanuel"]
[Black "Paiva, Henrique MA Alberg"]
[Result "0-1"]
[WhiteElo "2022"]
[BlackElo "2064"]
[PlyCount "58"]
[EventDate "2024.06.18"]
[EventType "swiss (blitz)"]
[EventRounds "11"]
[EventCountry "USA"]
[SourceTitle "EXT 2025"]
[Source "ChessBase"]
[SourceDate "2024.10.14"]
[SourceVersion "1"]
[SourceVersionDate "2024.10.14"]
[SourceQuality "1"]

1. d4 Nf6 2. c4 g6 3. Nc3 d5 4. cxd5 Nxd5 5. e4 Nxc3 6. bxc3 Bg7 7. Bc4 c5 8. Ne2 Nc6 9. Be3 0-0 10. 0-0 Bg4 11. f3 Na5 12. Bxf7+ Rxf7 13. fxg4 Rxf1+ 14. Kxf1 cxd4 15. cxd4 e5 16. d5 Nc4 17. Bf2 Qg5 18. Qd3 b5 19. h3 Rf8 20. Ng1 Ne3+ 21. Ke2 Nxg2 22. Qxb5 Qf4 23. Bxa7 Qxe4+ 24. Kd1 Qe1+ 25. Kc2 Qxa1 26. Qb3 Rc8+ 27. Kd3 Qf1+ 28. Kd2 Qe1+ 29. Kd3 e4# 0-1

[Event "Titled Tuesday intern op 18th Jun Early"]
[Site "Chess.com INT"]
[Date "2024.06.18"]
[Round "2"]
[White "De Souza, Cristiano Gomes"]
[Black "Carter, Emmanuel"]
[Result "0-1"]
[WhiteElo "2018"]
[BlackElo "2022"]
[PlyCount "112"]
[EventDate "2024.06.18"]
[EventType "swiss (blitz)"]
[EventRounds "11"]
[EventCountry "USA"]
[SourceTitle "EXT 2025"]
[Source "ChessBase"]
[SourceDate "2024.10.14"]
[SourceVersion "1"]
[SourceVersionDate "2024.10.14"]
[SourceQuality "1"]

1. d4 Nf6 2. c4 g6 3. Nc3 Bg7 4. e4 d6 5. Nf3 0-0 6. Be2 Nbd7 7. 0-0 e5 8. d5 Nc5 9. Nd2 a5 10. b3 h6 11. Rb1 Nh7 12. a3 f5 13. f3 b6 14. b4 axb4 15. axb4 Nd7 16. Nb3 f4 17. c5 bxc5 18. bxc5 h5 19. Nb5 Rf6 20. Ba3 Bf8 21. Qc1 h4 22. cxd6 cxd6 23. Nc7 Rb8 24. Ne6 Qb6+ 25. Kh1 Be7 26. Nd2 Qa7 27. Rxb8 Qxb8 28. Qc6 Ndf8 29. Rb1 Qa7 30. Qxc8 Qxa3 31. Nxf8 Nxf8 32. Rb7 Qe3 33. Qc4 Qxd2 34. Rxe7 Qe1+ 35. Bf1 Qf2 36. Qe2 Qxe2 37. Bxe2 Rf7 38. Rxf7 Kxf7 39. g3 hxg3 40. hxg3 g5 41. gxf4 gxf4 42. Kg2 Nd7 43. Bb5 Nc5 44. Kh3 Kf6 45. Kg4 Nb3 46. Bd7 Nd4 47. Bc8 Nc2 48. Bd7 Ne3+ 49. Kh3 Kg5 50. Bc8 Nc2 51. Bg4 Ne1 52. Kh2 Kh4 53. Kg1 Kg3 54. Kf1 Nxf3 55. Be6 Ng5 56. Bf5 Kf3 0-1

[Event "Titled Tuesday intern op 07th May Early"]
[Site "Chess.com INT"]
[Date "2024.05.07"]
[Round "10"]
[White "Carter, Emmanuel"]
[Black "Valle Luis, Leo"]
[Result "0-1"]
[WhiteElo "2016"]
[BlackElo "2244"]
[PlyCount "100"]
[EventDate "2024.05.07"]
[EventType "swiss (blitz)"]
[EventRounds "11"]
[EventCountry "USA"]
[SourceTitle "EXT 2025"]
[Source "ChessBase"]
[SourceDate "2024.10.14"]
[SourceVersion "1"]
[SourceVersionDate "2024.10.14"]
[SourceQuality "1"]

1. d4 Nf6 2. c4 e6 3. Nf3 c5 4. d5 exd5 5. cxd5 d6 6. Nc3 g6 7. e4 Bg7 8. Bd3 0-0 9. 0-0 b5 10. Bxb5 a6 11. Bd3 Nbd7 12. Bf4 Qe7 13. Re1 Nh5 14. Bg5 Qe8 15. Qd2 Ne5 16. Nxe5 Bxe5 17. Bh6 Ng7 18. f4 Bd4+ 19. Kh1 Qe7 20. Ne2 Bf6 21. Ng3 Bh4 22. e5 Rd8 23. Bxg7 Kxg7 24. e6 f6 25. Qe3 Bb7 26. Bc4 f5 27. Qc3+ Bf6 28. Qc2 Rab8 29. Rab1 a5 30. a3 Ba8 31. Ne2 Rb6 32. Ng1 Rdb8 33. b3 Bb7 34. Nf3 h6 35. Qd2 Ra8 36. h3 Ra7 37. g4 Ba6 38. gxf5 Bxc4 39. bxc4 Rab7 40. Rxb6 Rxb6 41. fxg6 Rb3 42. Re3 Rb1+ 43. Ng1 Bd4 44. Rg3 Qh4 45. Qd3 Re1 46. Qf5 Bf6 47. Kg2 Rxg1+ 48. Kxg1 Qxg3+ 49. Kf1 Qf3+ 50. Ke1 Bc3# 0-1

[Event "Titled Tuesday intern op 07th May Early"]
[Site "Chess.com INT"]
[Date "2024.05.07"]
[Round "4"]
[White "Carter, Emmanuel"]
[Black "Van Baar, Esper"]
[Result "1-0"]
[WhiteElo "2016"]
[BlackElo "2207"]
[PlyCount "129"]
[EventDate "2024.05.07"]
[EventType "swiss (blitz)"]
[EventRounds "11"]
[EventCountry "USA"]
[SourceTitle "EXT 2025"]
[Source "ChessBase"]
[SourceDate "2024.10.14"]
[SourceVersion "1"]
[SourceVersionDate "2024.10.14"]
[SourceQuality "1"]

1. d4 Nf6 2. c4 c6 3. Nf3 d5 4. cxd5 cxd5 5. g3 Bf5 6. Bg2 Nc6 7. Nc3 h6 8. 0-0 e6 9. a3 Bd6 10. b4 a6 11. Bf4 Bxf4 12. gxf4 Ne4 13. Nxe4 dxe4 14. Ne5 Nxd4 15. Rc1 0-0 16. e3 Nc6 17. Nxc6 bxc6 18. Rxc6 Qe7 19. Rc4 Rfc8 20. Bxe4 Rxc4 21. Bxa8 e5 22. Qd5 Rc8 23. Bb7 Rc3 24. Qxe5 Qxb7 25. Qxc3 Bh3 26. f3 Bxf1 27. Kxf1 Qb5+ 28. Kf2 Qh5 29. Kg2 Qg6+ 30. Kf2 Qh5 31. e4 Qxh2+ 32. Ke3 Qg1+ 33. Kd3 Qf1+ 34. Kd4 h5 35. Qc8+ Kh7 36. Qf5+ Kh6 37. Qg5+ Kh7 38. Qxh5+ Kg8 39. Qg4 Qa1+ 40. Kc5 Qxa3 41. Kc4 Qa4 42. Qc8+ Kh7 43. Qf5+ Kg8 44. Qc5 Qc2+ 45. Kd4 Qd2+ 46. Ke5 Qb2+ 47. Qd4 Qb3 48. f5 f6+ 49. Kf4 Qb1 50. Qd2 Qb3 51. Qd5+ Qxd5 52. exd5 Kf8 53. Ke4 Ke7 54. Kd4 Kd6 55. f4 Kc7 56. Kc5 Kd7 57. Kb6 Kd6 58. Kxa6 Kxd5 59. b5 Ke4 60. b6 Kxf5 61. b7 Kxf4 62. b8Q+ Kg5 63. Qg3+ Kf5 64. Qxg7 Ke5 65. Kb5 1-0

[Event "Titled Tuesday intern op 07th May Early"]
[Site "Chess.com INT"]
[Date "2024.05.07"]
[Round "11"]
[White "Kubatko, Ivan"]
[Black "Carter, Emmanuel"]
[Result "1-0"]
[WhiteElo "2257"]
[BlackElo "2016"]
[PlyCount "80"]
[EventDate "2024.05.07"]
[EventType "swiss (blitz)"]
[EventRounds "11"]
[EventCountry "USA"]
[SourceTitle "EXT 2025"]
[Source "ChessBase"]
[SourceDate "2024.10.14"]
[SourceVersion "1"]
[SourceVersionDate "2024.10.14"]
[SourceQuality "1"]

1. e4 e6 2. d4 d5 3. exd5 exd5 4. Nf3 Nf6 5. c4 dxc4 6. Bxc4 Be7 7. 0-0 0-0 8. Nc3 Nbd7 9. Bb3 Nb6 10. Ne5 c6 11. Re1 Nfd5 12. Qf3 Be6 13. Bd2 Bd6 14. Ne4 Be7 15. Rad1 a5 16. a3 a4 17. Ba2 Nc7 18. Bb1 Bd5 19. Qh3 f5 20. Nc5 g6 21. Bh6 Re8 22. Nxb7 Qc8 23. Nc5 Bxc5 24. dxc5 Nd7 25. Bxf5 Nxe5 26. Bxc8 Nb5 27. Bf4 Raxc8 28. Bxe5 Be6 29. Qh6 Re7 30. Qh4 Rf7 31. Rd8+ Rxd8 32. Qxd8+ Rf8 33. Qe7 Bf7 34. Bd6 Re8 35. Qxe8+ Bxe8 36. Rxe8+ Kf7 37. Re7+ Kf6 38. Rxh7 Ke6 39. Rb7 Nd4 40. Kf1 Ne2 1-0